[Event "45th FIDE Chess Olympiad Open"]
[Site "Budapest, Hungary"]
[Date "2024.09.19"]
[Round "8"]
[White "Lokander, Martin"]
[Black "Veleshnja, Zino"]
[Result "1/2-1/2"]
[Board "96"]
[WhiteFideId "1709569"]
[BlackFideId "4701313"]
[WhiteTitle "IM"]
[BlackTitle "FM"]
[WhiteElo "2469"]
[BlackElo "2294"]
[WhiteTeam "Sweden"]
[BlackTeam "Albania"]
[WhiteClock "0:09:05"]
[BlackClock "0:16:20"]
[Variant "Standard"]

1. d4 {[%clk 1:30:55]}  Nf6 {[%clk 1:30:55]} 2. Nf3 {[%clk 1:31:05]}  e6 {[%clk 1:31:05]} 3. Bg5 {[%clk 1:31:11]}  h6 {[%clk 1:29:01]} 4. Bh4 {[%clk 1:31:33]}  Be7 {[%clk 1:26:07]} 5. Nbd2 {[%clk 1:31:11]}  O-O {[%clk 1:21:24]} 6. e4 {[%clk 1:29:44]}  d6 {[%clk 1:18:44]} 7. Bxf6 {[%clk 1:22:12]}  Bxf6 {[%clk 1:18:44]} 8. e5 {[%clk 1:22:12]}  dxe5 {[%clk 1:13:18]} 9. dxe5 {[%clk 1:22:53]}  Bg5 {[%clk 1:13:33]} 10. Bd3 {[%clk 1:19:41]}  Nd7 {[%clk 1:12:42]} 11. h4 {[%clk 1:08:58]}  Bxd2+ {[%clk 1:10:34]} 12. Qxd2 {[%clk 1:09:25]}  Nc5 {[%clk 1:05:33]} 13. O-O-O {[%clk 1:09:18]}  Nxd3+ {[%clk 1:03:10]} 14. Qxd3 {[%clk 1:09:44]}  Qxd3 {[%clk 1:03:08]} 15. Rxd3 {[%clk 1:10:10]}  b6 {[%clk 1:02:28]} 16. Rc3 {[%clk 1:00:48]}  c5 {[%clk 1:01:19]} 17. Nd2 {[%clk 0:53:04]}  Bb7 {[%clk 0:58:58]} 18. f3 {[%clk 0:48:52]}  Rfd8 {[%clk 0:57:39]} 19. Nc4 {[%clk 0:48:43]}  Rd4 {[%clk 0:53:37]} 20. Nd6 {[%clk 0:47:56]}  Bc6 {[%clk 0:52:24]} 21. Rd3 {[%clk 0:42:13]}  Rxd3 {[%clk 0:50:38]} 22. cxd3 {[%clk 0:42:35]}  Rd8 {[%clk 0:48:23]} 23. Re1 {[%clk 0:41:26]}  f6 {[%clk 0:44:23]} 24. Kc2 {[%clk 0:39:50]}  fxe5 {[%clk 0:39:06]} 25. Nc4 {[%clk 0:40:11]}  Rd4 {[%clk 0:34:22]} 26. Nxe5 {[%clk 0:27:26]}  Bd5 {[%clk 0:34:18]} 27. g3 {[%clk 0:25:31]}  Bxa2 {[%clk 0:23:34]} 28. b3 {[%clk 0:19:50]}  Rb4 {[%clk 0:23:42]} 29. Nc6 {[%clk 0:19:43]}  Rxb3 {[%clk 0:20:30]} 30. Nxa7 {[%clk 0:13:19]}  c4 {[%clk 0:18:16]} 31. dxc4 {[%clk 0:05:20]}  Rxf3 {[%clk 0:18:26]} 32. Rxe6 {[%clk 0:05:46]}  Bxc4 {[%clk 0:15:30]} 33. Rxb6 {[%clk 0:06:11]}  Rxg3 {[%clk 0:15:39]} 34. Nc6 {[%clk 0:04:27]}  Re3 {[%clk 0:11:30]} 35. Rb4 {[%clk 0:02:54]}  Bd5 {[%clk 0:11:58]} 36. Kd2 {[%clk 0:03:11]}  Re8 {[%clk 0:11:29]} 37. Nd4 {[%clk 0:03:35]}  Re4 {[%clk 0:10:36]} 38. Nc2 {[%clk 0:03:55]}  Kf7 {[%clk 0:10:15]} 39. Rxe4 {[%clk 0:03:54]}  Bxe4 {[%clk 0:10:27]} 40. Nd4 {[%clk 0:04:21]}  Kf6 {[%clk 0:07:51]} 41. Ke3 {[%clk 0:04:39]}  Ke5 {[%clk 0:08:14]} 42. Ne2 {[%clk 0:04:59]}  g6 {[%clk 0:07:16]} 43. Nf4 {[%clk 0:03:52]}  h5 {[%clk 0:05:19]} 44. Ne2 {[%clk 0:28:03]}  Bb7 {[%clk 0:32:43]} 45. Nf4 {[%clk 0:09:20]}  Kf5 {[%clk 0:31:41]} 46. Nd3 {[%clk 0:08:43]}  Kg4 {[%clk 0:20:21]} 47. Ne5+ {[%clk 0:08:28]}  Kxh4 {[%clk 0:20:36]} 48. Nxg6+ {[%clk 0:08:30]}  Kg5 {[%clk 0:19:15]} 49. Ne5 {[%clk 0:07:42]}  Kf5 {[%clk 0:18:33]} 50. Nd3 {[%clk 0:07:27]}  Kg4 {[%clk 0:18:47]} 51. Kf2 {[%clk 0:07:20]}  Be4 {[%clk 0:15:48]} 52. Nc5 {[%clk 0:07:40]}  Bc6 {[%clk 0:15:50]} 53. Kg1 {[%clk 0:07:05]}  Kg3 {[%clk 0:16:05]} 54. Nd3 {[%clk 0:07:32]}  h4 {[%clk 0:16:09]} 55. Nf2 {[%clk 0:07:54]}  Bg2 {[%clk 0:16:19]} 56. Nh1+ {[%clk 0:08:17]}  Kf3 {[%clk 0:16:10]} 57. Nf2 {[%clk 0:08:43]}  h3 {[%clk 0:16:04]} 58. Kh2 {[%clk 0:09:05]}  Kxf2 {[%clk 0:16:20]} 1/2-1/2

[Event "45th FIDE Chess Olympiad Open"]
[Site "Budapest, Hungary"]
[Date "2024.09.19"]
[Round "8"]
[White "Manon, Reja Neer"]
[Black "Nogerbek, Kazybek"]
[Result "0-1"]
[Board "98"]
[WhiteFideId "10224009"]
[BlackFideId "13710427"]
[WhiteTitle "FM"]
[BlackTitle "GM"]
[WhiteElo "2417"]
[BlackElo "2519"]
[WhiteTeam "Bangladesh"]
[BlackTeam "Kazakhstan"]
[WhiteClock "0:00:38"]
[BlackClock "0:35:11"]
[Variant "Standard"]

1. e4 {[%clk 1:30:49]}  e5 {[%clk 1:29:25]} 2. Nf3 {[%clk 1:31:10]}  Nc6 {[%clk 1:29:41]} 3. Bb5 {[%clk 1:31:23]}  a6 {[%clk 1:29:51]} 4. Ba4 {[%clk 1:31:47]}  Nf6 {[%clk 1:29:48]} 5. O-O {[%clk 1:32:10]}  Be7 {[%clk 1:30:07]} 6. Re1 {[%clk 1:31:58]}  b5 {[%clk 1:30:26]} 7. Bb3 {[%clk 1:32:15]}  O-O {[%clk 1:30:40]} 8. c3 {[%clk 1:27:50]}  d5 {[%clk 1:29:31]} 9. exd5 {[%clk 1:27:23]}  Nxd5 {[%clk 1:29:43]} 10. Nxe5 {[%clk 1:27:47]}  Nxe5 {[%clk 1:29:59]} 11. Rxe5 {[%clk 1:28:12]}  Bb7 {[%clk 1:30:09]} 12. Qf3 {[%clk 1:22:08]}  Bd6 {[%clk 1:29:31]} 13. Bxd5 {[%clk 1:11:44]}  c6 {[%clk 1:25:37]} 14. Re2 {[%clk 1:06:24]}  cxd5 {[%clk 1:24:04]} 15. d4 {[%clk 1:06:53]}  Qc7 {[%clk 1:23:12]} 16. h3 {[%clk 0:54:09]}  a5 {[%clk 1:16:38]} 17. a3 {[%clk 0:37:20]}  Rae8 {[%clk 1:11:15]} 18. Nd2 {[%clk 0:35:45]}  b4 {[%clk 1:09:27]} 19. axb4 {[%clk 0:31:50]}  axb4 {[%clk 1:09:19]} 20. Nf1 {[%clk 0:31:10]}  Rxe2 {[%clk 1:09:08]} 21. Qxe2 {[%clk 0:31:33]}  bxc3 {[%clk 1:09:25]} 22. bxc3 {[%clk 0:31:49]}  Qxc3 {[%clk 1:09:42]} 23. Qb2 {[%clk 0:30:27]}  Qxb2 {[%clk 1:06:57]} 24. Bxb2 {[%clk 0:30:54]}  Ra8 {[%clk 1:07:09]} 25. Rxa8+ {[%clk 0:28:47]}  Bxa8 {[%clk 1:06:18]} 26. Ne3 {[%clk 0:28:59]}  Bc6 {[%clk 1:06:01]} 27. Kf1 {[%clk 0:28:32]}  Bb4 {[%clk 1:04:55]} 28. Ke2 {[%clk 0:26:42]}  f6 {[%clk 1:04:43]} 29. Kd3 {[%clk 0:20:23]}  Kf7 {[%clk 1:03:08]} 30. Bc3 {[%clk 0:19:26]}  Bd6 {[%clk 1:03:24]} 31. g3 {[%clk 0:18:39]}  h5 {[%clk 1:00:30]} 32. h4 {[%clk 0:17:56]}  g5 {[%clk 0:53:25]} 33. Nf5 {[%clk 0:11:56]}  Bf8 {[%clk 0:53:29]} 34. f4 {[%clk 0:07:44]}  Bb5+ {[%clk 0:50:16]} 35. Kc2 {[%clk 0:07:31]}  Bd7 {[%clk 0:41:19]} 36. Ne3 {[%clk 0:07:48]}  gxh4 {[%clk 0:41:42]} 37. gxh4 {[%clk 0:08:12]}  Bh6 {[%clk 0:41:49]} 38. Be1 {[%clk 0:05:29]}  Ke6 {[%clk 0:38:47]} 39. f5+ {[%clk 0:03:17]}  Kd6 {[%clk 0:38:44]} 40. Bb4+ {[%clk 0:03:15]}  Kc6 {[%clk 0:39:13]} 41. Kd3 {[%clk 0:03:44]}  Bc8 {[%clk 0:38:38]} 42. Be7 {[%clk 0:19:16]}  Ba6+ {[%clk 1:08:29]} 43. Kd2 {[%clk 0:19:39]}  Bg7 {[%clk 1:08:51]} 44. Kc3 {[%clk 0:16:13]}  Be2 {[%clk 1:06:54]} 45. Kd2 {[%clk 0:06:54]}  Bf3 {[%clk 1:07:03]} 46. Ke1 {[%clk 0:06:45]}  Kd7 {[%clk 1:07:04]} 47. Kf2 {[%clk 0:05:45]}  Be4 {[%clk 1:07:26]} 48. Bb4 {[%clk 0:06:10]}  Bh6 {[%clk 1:06:59]} 49. Bd2 {[%clk 0:05:06]}  Bf8 {[%clk 1:06:44]} 50. Ng2 {[%clk 0:04:14]}  Bxg2 {[%clk 0:56:39]} 51. Kxg2 {[%clk 0:04:38]}  Be7 {[%clk 0:55:22]} 52. Kf3 {[%clk 0:03:41]}  Bd8 {[%clk 0:52:40]} 53. Bh6 {[%clk 0:01:38]}  Ba5 {[%clk 0:52:39]} 54. Ke2 {[%clk 0:01:51]}  Bc3 {[%clk 0:52:59]} 55. Be3 {[%clk 0:02:13]}  Kc6 {[%clk 0:52:21]} 56. Bf2 {[%clk 0:02:30]}  Kb5 {[%clk 0:52:03]} 57. Kd3 {[%clk 0:02:34]}  Bb4 {[%clk 0:50:28]} 58. Bg3 {[%clk 0:02:26]}  Ka4 {[%clk 0:49:41]} 59. Kc2 {[%clk 0:02:08]}  Ba5 {[%clk 0:49:03]} 60. Kb2 {[%clk 0:01:23]}  Bd8 {[%clk 0:48:14]} 61. Kc3 {[%clk 0:00:36]}  Be7 {[%clk 0:48:24]} 62. Bf2 {[%clk 0:00:39]}  Bd6 {[%clk 0:48:45]} 63. Kc2 {[%clk 0:00:35]}  Kb4 {[%clk 0:49:03]} 64. Kd3 {[%clk 0:00:52]}  Kb3 {[%clk 0:49:31]} 65. Be1 {[%clk 0:00:39]}  Kb2 {[%clk 0:49:19]} 66. Bf2 {[%clk 0:00:36]}  Kc1 {[%clk 0:48:02]} 67. Be3+ {[%clk 0:00:48]}  Kd1 {[%clk 0:44:26]} 68. Bg5 {[%clk 0:01:17]}  fxg5 {[%clk 0:37:28]} 69. hxg5 {[%clk 0:01:46]}  h4 {[%clk 0:37:51]} 70. Ke3 {[%clk 0:00:34]}  Ke1 {[%clk 0:37:00]} 71. g6 {[%clk 0:00:36]}  h3 {[%clk 0:37:06]} 72. g7 {[%clk 0:00:49]}  h2 {[%clk 0:37:22]} 73. g8=Q {[%clk 0:00:37]}  h1=Q {[%clk 0:37:51]} 74. Qg4 {[%clk 0:00:38]}  Qh2 {[%clk 0:35:11]} 0-1

[Event "45th FIDE Chess Olympiad Open"]
[Site "Budapest, Hungary"]
[Date "2024.09.19"]
[Round "8"]
[White "Zia, Tahsin Tajwar"]
[Black "Ansat, Aldiyar"]
[Result "1/2-1/2"]
[Board "100"]
[WhiteFideId "10211888"]
[BlackFideId "13715658"]
[WhiteTitle "FM"]
[BlackTitle "IM"]
[WhiteElo "2255"]
[BlackElo "2457"]
[WhiteTeam "Bangladesh"]
[BlackTeam "Kazakhstan"]
[WhiteClock "0:04:48"]
[BlackClock "0:04:11"]
[Variant "Standard"]

1. d4 {[%clk 1:30:38]}  Nf6 {[%clk 1:30:53]} 2. c4 {[%clk 1:31:04]}  g6 {[%clk 1:31:13]} 3. g3 {[%clk 1:31:30]}  Bg7 {[%clk 1:31:36]} 4. Bg2 {[%clk 1:31:54]}  O-O {[%clk 1:31:58]} 5. Nc3 {[%clk 1:32:17]}  d6 {[%clk 1:32:25]} 6. h3 {[%clk 1:30:56]}  c5 {[%clk 1:19:10]} 7. e3 {[%clk 1:31:20]}  Nc6 {[%clk 1:08:32]} 8. Nge2 {[%clk 1:31:38]}  Bd7 {[%clk 1:08:26]} 9. O-O {[%clk 1:31:11]}  a6 {[%clk 1:07:29]} 10. b3 {[%clk 1:15:51]}  Rb8 {[%clk 1:05:24]} 11. a4 {[%clk 1:04:36]}  Nb4 {[%clk 0:57:45]} 12. Ba3 {[%clk 1:03:49]}  Bc6 {[%clk 0:53:46]} 13. Bxb4 {[%clk 0:59:19]}  cxb4 {[%clk 0:51:19]} 14. Nd5 {[%clk 0:53:08]}  Nxd5 {[%clk 0:50:23]} 15. cxd5 {[%clk 0:53:01]}  Bd7 {[%clk 0:50:49]} 16. Nf4 {[%clk 0:46:54]}  a5 {[%clk 0:47:50]} 17. h4 {[%clk 0:45:35]}  Bh6 {[%clk 0:36:50]} 18. Nd3 {[%clk 0:32:28]}  Rc8 {[%clk 0:25:46]} 19. Re1 {[%clk 0:26:07]}  Rc3 {[%clk 0:24:19]} 20. Rc1 {[%clk 0:16:14]}  b5 {[%clk 0:20:47]} 21. Rxc3 {[%clk 0:12:20]}  bxc3 {[%clk 0:21:11]} 22. axb5 {[%clk 0:12:36]}  Qb6 {[%clk 0:18:13]} 23. Bf1 {[%clk 0:07:34]}  Bxb5 {[%clk 0:16:12]} 24. Qa1 {[%clk 0:07:24]}  Bxd3 {[%clk 0:05:11]} 25. Bxd3 {[%clk 0:07:52]}  Qxb3 {[%clk 0:05:32]} 26. Qxa5 {[%clk 0:07:57]}  Qb2 {[%clk 0:05:34]} 27. Re2 {[%clk 0:06:15]}  Qb7 {[%clk 0:04:13]} 28. Qxc3 {[%clk 0:04:54]}  Qxd5 {[%clk 0:04:32]} 29. Re1 {[%clk 0:04:36]}  Bg7 {[%clk 0:04:01]} 30. Qc4 {[%clk 0:04:48]}  Qxc4 {[%clk 0:04:11]} 1/2-1/2

[Event "45th FIDE Chess Olympiad Open"]
[Site "Budapest, Hungary"]
[Date "2024.09.19"]
[Round "8"]
[White "Neiksans, Arturs"]
[Black "Greet, Andrew N"]
[Result "1-0"]
[Board "101"]
[WhiteFideId "11601388"]
[BlackFideId "405817"]
[WhiteTitle "GM"]
[BlackTitle "IM"]
[WhiteElo "2571"]
[BlackElo "2405"]
[WhiteTeam "Latvia"]
[BlackTeam "Scotland"]
[WhiteClock "0:37:51"]
[BlackClock "0:16:01"]
[Variant "Standard"]

1. Nf3 {[%clk 1:30:57]}  d5 {[%clk 1:29:28]} 2. g3 {[%clk 1:31:16]}  Nf6 {[%clk 1:25:12]} 3. Bg2 {[%clk 1:31:39]}  c5 {[%clk 1:24:13]} 4. O-O {[%clk 1:31:52]}  g6 {[%clk 1:07:21]} 5. c4 {[%clk 1:28:56]}  dxc4 {[%clk 1:05:43]} 6. Qa4+ {[%clk 1:27:28]}  Nbd7 {[%clk 1:05:50]} 7. Qxc4 {[%clk 1:26:03]}  Bg7 {[%clk 1:05:39]} 8. d4 {[%clk 1:24:05]}  cxd4 {[%clk 1:05:10]} 9. Nxd4 {[%clk 1:24:30]}  Nb6 {[%clk 1:04:31]} 10. Qb5+ {[%clk 1:20:49]}  Bd7 {[%clk 1:01:23]} 11. Qd3 {[%clk 1:18:10]}  e5 {[%clk 0:53:35]} 12. Nb3 {[%clk 1:05:36]}  Qe7 {[%clk 0:37:33]} 13. Nc3 {[%clk 1:02:17]}  Bc6 {[%clk 0:34:22]} 14. Bxc6+ {[%clk 1:00:42]}  bxc6 {[%clk 0:34:49]} 15. Be3 {[%clk 1:00:59]}  Rd8 {[%clk 0:26:14]} 16. Qa6 {[%clk 0:56:42]}  Nfd7 {[%clk 0:21:21]} 17. Rad1 {[%clk 0:45:10]}  O-O {[%clk 0:10:37]} 18. Qxa7 {[%clk 0:44:23]}  Ra8 {[%clk 0:09:58]} 19. Qb7 {[%clk 0:44:12]}  Rab8 {[%clk 0:09:06]} 20. Qxc6 {[%clk 0:35:53]}  Rfc8 {[%clk 0:08:44]} 21. Qb5 {[%clk 0:35:47]}  Qe6 {[%clk 0:05:10]} 22. Ne4 {[%clk 0:33:28]}  Qc4 {[%clk 0:04:07]} 23. Qxc4 {[%clk 0:26:24]}  Rxc4 {[%clk 0:04:31]} 24. Nc3 {[%clk 0:26:49]}  Nf8 {[%clk 0:02:50]} 25. Rd6 {[%clk 0:24:06]}  Na4 {[%clk 0:00:55]} 26. Na5 {[%clk 0:24:25]}  Nxb2 {[%clk 0:00:54]} 27. Nxc4 {[%clk 0:22:04]}  Nxc4 {[%clk 0:01:23]} 28. Ba7 {[%clk 0:21:57]}  Rb2 {[%clk 0:01:03]} 29. Rc6 {[%clk 0:21:46]}  Nd2 {[%clk 0:01:04]} 30. Rc1 {[%clk 0:20:38]}  Bh6 {[%clk 0:00:49]} 31. Be3 {[%clk 0:19:02]}  Bxe3 {[%clk 0:00:59]} 32. fxe3 {[%clk 0:19:28]}  Ne6 {[%clk 0:00:59]} 33. h4 {[%clk 0:18:14]}  Kg7 {[%clk 0:00:56]} 34. Kf2 {[%clk 0:18:12]}  Rb4 {[%clk 0:00:48]} 35. Rc2 {[%clk 0:18:04]}  Nb1 {[%clk 0:00:49]} 36. Nxb1 {[%clk 0:15:07]}  Rxb1 {[%clk 0:01:17]} 37. a4 {[%clk 0:15:27]}  Ra1 {[%clk 0:01:31]} 38. Ra6 {[%clk 0:15:54]}  g5 {[%clk 0:01:36]} 39. a5 {[%clk 0:16:20]}  Kg6 {[%clk 0:01:47]} 40. Ra7 {[%clk 0:16:39]}  gxh4 {[%clk 0:00:44]} 41. gxh4 {[%clk 0:16:25]}  Ng7 {[%clk 0:23:24]} 42. Rcc7 {[%clk 0:45:07]}  Nh5 {[%clk 0:22:30]} 43. Rxf7 {[%clk 0:39:46]}  h6 {[%clk 0:18:02]} 44. Rf8 {[%clk 0:38:23]}  Ra4 {[%clk 0:15:39]} 45. Ra6+ {[%clk 0:37:37]}  Kg7 {[%clk 0:16:01]} 46. Rb8 {[%clk 0:37:51]} 1-0

[Event "45th FIDE Chess Olympiad Open"]
[Site "Budapest, Hungary"]
[Date "2024.09.19"]
[Round "8"]
[White "Olson, Hamish"]
[Black "Kantans, Toms"]
[Result "1-0"]
[Board "102"]
[WhiteFideId "2404257"]
[BlackFideId "11602945"]
[WhiteTitle "FM"]
[BlackTitle "GM"]
[WhiteElo "2384"]
[BlackElo "2486"]
[WhiteTeam "Scotland"]
[BlackTeam "Latvia"]
[WhiteClock "0:07:34"]
[BlackClock "0:00:57"]
[Variant "Standard"]

1. d4 {[%clk 1:30:57]}  Nf6 {[%clk 1:30:45]} 2. Nf3 {[%clk 1:31:19]}  g6 {[%clk 1:30:47]} 3. a4 {[%clk 1:31:41]}  Bg7 {[%clk 1:29:28]} 4. a5 {[%clk 1:31:54]}  O-O {[%clk 1:26:34]} 5. g3 {[%clk 1:32:09]}  d5 {[%clk 1:19:45]} 6. Bg2 {[%clk 1:32:25]}  c5 {[%clk 1:17:51]} 7. dxc5 {[%clk 1:32:36]}  Na6 {[%clk 1:17:49]} 8. O-O {[%clk 1:30:36]}  Nxc5 {[%clk 1:18:11]} 9. Be3 {[%clk 1:23:47]}  Nce4 {[%clk 1:17:23]} 10. Bd4 {[%clk 1:19:53]}  Bf5 {[%clk 1:13:14]} 11. c3 {[%clk 1:13:20]}  a6 {[%clk 1:03:42]} 12. Nbd2 {[%clk 1:06:14]}  Re8 {[%clk 1:01:29]} 13. Nxe4 {[%clk 0:57:49]}  Bxe4 {[%clk 0:57:15]} 14. Qb3 {[%clk 0:53:06]}  Qd6 {[%clk 0:51:17]} 15. Be5 {[%clk 0:49:12]}  Qe6 {[%clk 0:49:46]} 16. Bf4 {[%clk 0:47:45]}  h6 {[%clk 0:50:04]} 17. Ra4 {[%clk 0:40:44]}  Nd7 {[%clk 0:39:53]} 18. Rxe4 {[%clk 0:35:53]}  dxe4 {[%clk 0:39:20]} 19. Qxe6 {[%clk 0:35:54]}  fxe6 {[%clk 0:39:47]} 20. Nd2 {[%clk 0:35:50]}  Nc5 {[%clk 0:36:25]} 21. Be3 {[%clk 0:34:02]}  Rac8 {[%clk 0:31:01]} 22. Nxe4 {[%clk 0:34:10]}  Nb3 {[%clk 0:29:10]} 23. Bb6 {[%clk 0:33:43]}  Rc4 {[%clk 0:29:20]} 24. Rd1 {[%clk 0:32:08]}  Ra4 {[%clk 0:27:22]} 25. h4 {[%clk 0:27:58]}  Rc8 {[%clk 0:19:20]} 26. Rd7 {[%clk 0:24:55]}  Kf8 {[%clk 0:19:44]} 27. Kh2 {[%clk 0:23:41]}  Ra2 {[%clk 0:15:32]} 28. Rxb7 {[%clk 0:18:11]}  Nxa5 {[%clk 0:15:37]} 29. Bxa5 {[%clk 0:17:57]}  Rxa5 {[%clk 0:16:05]} 30. Rb6 {[%clk 0:11:38]}  Rb5 {[%clk 0:15:28]} 31. Rxe6 {[%clk 0:11:01]}  a5 {[%clk 0:13:40]} 32. Rxg6 {[%clk 0:10:01]}  Rxb2 {[%clk 0:13:56]} 33. Ra6 {[%clk 0:09:39]}  Rxe2 {[%clk 0:11:51]} 34. Bf3 {[%clk 0:08:51]}  Ra2 {[%clk 0:07:31]} 35. Bg4 {[%clk 0:08:31]}  Rd8 {[%clk 0:06:22]} 36. Kg2 {[%clk 0:08:07]}  Ra1 {[%clk 0:04:01]} 37. Nc5 {[%clk 0:07:35]}  Kg8 {[%clk 0:04:24]} 38. Rg6 {[%clk 0:06:16]}  Rf8 {[%clk 0:00:37]} 39. Ne6 {[%clk 0:03:28]}  Rf7 {[%clk 0:01:06]} 40. Bf3 {[%clk 0:02:49]}  Re1 {[%clk 0:00:33]} 41. Bd5 {[%clk 0:23:08]}  Kh7 {[%clk 0:26:06]} 42. h5 {[%clk 0:21:24]}  Re5 {[%clk 0:17:55]} 43. Ng5+ {[%clk 0:15:54]}  Rxg5 {[%clk 0:18:20]} 44. Bxf7 {[%clk 0:16:16]}  Bxc3 {[%clk 0:17:59]} 45. Re6 {[%clk 0:15:31]}  Re5 {[%clk 0:17:36]} 46. Rc6 {[%clk 0:15:06]}  Bb4 {[%clk 0:16:26]} 47. Ra6 {[%clk 0:13:46]}  Kg7 {[%clk 0:16:22]} 48. Bg6 {[%clk 0:13:47]}  Rd5 {[%clk 0:16:46]} 49. Kh3 {[%clk 0:13:31]}  Rd6 {[%clk 0:16:15]} 50. Ra8 {[%clk 0:13:32]}  Be1 {[%clk 0:15:39]} 51. f4 {[%clk 0:12:46]}  Re6 {[%clk 0:16:03]} 52. g4 {[%clk 0:09:02]}  Re3+ {[%clk 0:15:45]} 53. Kg2 {[%clk 0:09:02]}  Rg3+ {[%clk 0:15:25]} 54. Kf1 {[%clk 0:09:18]}  Bb4 {[%clk 0:15:50]} 55. Bf5 {[%clk 0:08:37]}  Rf3+ {[%clk 0:16:12]} 56. Kg2 {[%clk 0:07:46]}  Rxf4 {[%clk 0:16:35]} 57. Ra6 {[%clk 0:08:00]}  Bd2 {[%clk 0:16:24]} 58. Rg6+ {[%clk 0:08:11]}  Kf8 {[%clk 0:15:13]} 59. Be6 {[%clk 0:08:02]}  Ke8 {[%clk 0:15:37]} 60. g5 {[%clk 0:07:33]}  Rf8 {[%clk 0:13:11]} 61. gxh6 {[%clk 0:07:36]}  a4 {[%clk 0:11:49]} 62. h7 {[%clk 0:07:35]}  a3 {[%clk 0:09:00]} 63. Rg4 {[%clk 0:07:30]}  Ba5 {[%clk 0:01:21]} 64. Ra4 {[%clk 0:07:27]}  Bd8 {[%clk 0:00:57]} 65. Bg8 {[%clk 0:07:34]} 1-0

[Event "45th FIDE Chess Olympiad Open"]
[Site "Budapest, Hungary"]
[Date "2024.09.19"]
[Round "8"]
[White "Abdulla, Murad"]
[Black "Starostits, Ilmars"]
[Result "1/2-1/2"]
[Board "104"]
[WhiteFideId "2403757"]
[BlackFideId "11600748"]
[WhiteTitle "FM"]
[BlackTitle "GM"]
[WhiteElo "2312"]
[BlackElo "2344"]
[WhiteTeam "Scotland"]
[BlackTeam "Latvia"]
[WhiteClock "0:08:01"]
[BlackClock "0:18:16"]
[Variant "Standard"]

1. e4 {[%clk 1:30:48]}  c6 {[%clk 1:30:48]} 2. Nc3 {[%clk 1:30:47]}  d5 {[%clk 1:31:13]} 3. Nf3 {[%clk 1:30:52]}  dxe4 {[%clk 1:30:44]} 4. Nxe4 {[%clk 1:31:14]}  Nf6 {[%clk 1:31:10]} 5. Qe2 {[%clk 1:31:09]}  Nxe4 {[%clk 1:31:34]} 6. Qxe4 {[%clk 1:31:35]}  Qd5 {[%clk 1:32:00]} 7. Qf4 {[%clk 1:26:48]}  Qf5 {[%clk 1:30:04]} 8. Qe3 {[%clk 1:27:14]}  Nd7 {[%clk 1:26:41]} 9. c3 {[%clk 1:21:20]}  Nb6 {[%clk 1:24:21]} 10. d4 {[%clk 1:18:58]}  Nd5 {[%clk 1:17:10]} 11. Qd2 {[%clk 1:14:51]}  Qe4+ {[%clk 1:16:06]} 12. Be2 {[%clk 1:13:15]}  Bf5 {[%clk 1:16:26]} 13. O-O {[%clk 1:03:05]}  e6 {[%clk 1:16:01]} 14. Ne5 {[%clk 0:58:16]}  Bd6 {[%clk 1:10:29]} 15. f4 {[%clk 0:42:44]}  Bxe5 {[%clk 0:57:42]} 16. fxe5 {[%clk 0:42:22]}  O-O-O {[%clk 0:57:05]} 17. Bf3 {[%clk 0:39:22]}  Qh4 {[%clk 0:53:37]} 18. g3 {[%clk 0:31:47]}  Qe7 {[%clk 0:52:51]} 19. b4 {[%clk 0:30:50]}  f6 {[%clk 0:51:43]} 20. exf6 {[%clk 0:29:14]}  gxf6 {[%clk 0:51:57]} 21. a4 {[%clk 0:23:10]}  h5 {[%clk 0:48:44]} 22. Kh1 {[%clk 0:17:56]}  Bg4 {[%clk 0:39:26]} 23. b5 {[%clk 0:16:25]}  Bxf3+ {[%clk 0:38:28]} 24. Rxf3 {[%clk 0:16:48]}  h4 {[%clk 0:38:39]} 25. bxc6 {[%clk 0:14:38]}  hxg3 {[%clk 0:38:02]} 26. Rxg3 {[%clk 0:15:04]}  bxc6 {[%clk 0:36:02]} 27. Qg2 {[%clk 0:11:05]}  Qb7 {[%clk 0:20:56]} 28. a5 {[%clk 0:10:12]}  Qb5 {[%clk 0:19:48]} 29. Bd2 {[%clk 0:07:20]}  Nc7 {[%clk 0:12:37]} 30. Re1 {[%clk 0:04:10]}  Rh5 {[%clk 0:12:03]} 31. Rg7 {[%clk 0:03:53]}  Rdh8 {[%clk 0:07:54]} 32. Bf4 {[%clk 0:03:42]}  e5 {[%clk 0:08:07]} 33. dxe5 {[%clk 0:02:58]}  Ne6 {[%clk 0:08:26]} 34. Rg8+ {[%clk 0:01:34]}  Kb7 {[%clk 0:08:30]} 35. Rxh8 {[%clk 0:01:09]}  Rxh8 {[%clk 0:08:29]} 36. Bg3 {[%clk 0:01:20]}  f5 {[%clk 0:08:32]} 37. Qf3 {[%clk 0:00:34]}  f4 {[%clk 0:07:31]} 38. Bf2 {[%clk 0:00:44]}  Qxa5 {[%clk 0:05:12]} 39. c4 {[%clk 0:00:34]}  Qa2 {[%clk 0:05:11]} 40. Qe2 {[%clk 0:00:32]}  Qa3 {[%clk 0:03:18]} 41. Qg4 {[%clk 0:19:04]}  Qa2 {[%clk 0:26:42]} 42. Qe2 {[%clk 0:17:00]}  Qa3 {[%clk 0:26:58]} 43. Qg4 {[%clk 0:14:21]}  Rh7 {[%clk 0:18:42]} 44. Qxe6 {[%clk 0:06:31]}  Qf3+ {[%clk 0:18:54]} 45. Kg1 {[%clk 0:06:56]}  Rg7+ {[%clk 0:19:19]} 46. Bg3 {[%clk 0:07:21]}  Rxg3+ {[%clk 0:17:57]} 47. hxg3 {[%clk 0:07:47]}  Qxg3+ {[%clk 0:18:23]} 48. Kf1 {[%clk 0:08:01]}  Qf3+ {[%clk 0:18:16]} 1/2-1/2